| 000 | 01134nam a2200301 i 4500 | ||
|---|---|---|---|
| 001 | vtls000704879 | ||
| 003 | PNM | ||
| 005 | 20200527141348.0 | ||
| 008 | 130304t20102010sp aoe e 000 0 eng d | ||
| 020 |
_a9788492731701 _cRM183.20 _qhardback |
||
| 039 | 9 |
_a202005201036 _bAUTHORITY _c201305151416 _diliza _c201305151339 _dnorshazreen _c201303041018 _dmanirah |
|
| 040 |
_aPNM _beng _cPNM _dPPAK _erda |
||
| 041 | 0 |
_aeng _ager _adut |
|
| 082 | 0 | 4 |
_a724.7 _223 |
| 090 | 0 | 0 |
_a724.7 _bATL _dR |
| 245 | 0 | 0 |
_aATLAS OF ARCHITECTURE TODAY = ATLAS DER ZEITGENOSSISCHEN ARCHITEKTUR = ATLAS VAN DE HEDENDAAGSE ARCHITECTUUR / _cEdited and texts by Alex Sanchez Vidiella |
| 264 | 1 |
_aBarcelona, Spain : _bFrechmann Kolon GmbH, _c2010 |
|
| 264 | 4 | _c©2010 | |
| 300 |
_a719 pages : _bcolour photographs (chiefly colour), plans ; _c30 cm |
||
| 336 |
_2rdacontent _atext |
||
| 337 |
_2rdamedia _aunmediated |
||
| 338 |
_2rdacarrier _avolume |
||
| 500 | _aText alternately in English, German and Dutch. | ||
| 650 | 1 | 0 |
_aArchitecture, Modern _y21st century |
| 700 | 1 |
_aVidiella, Alex Sanchez, _eeditor. |
|
| 942 |
_2ddc _cB |
||
| 949 |
_63000002073 _e2097562 |
||
| 999 |
_c177332 _d177332 |
||